000 00499nam a2200205Ia 4500
008 210210b1951 xxu||||| |||| 00| 0 eng d
041 _aeng
082 _a540.03 JACE
100 _aJACOBSON (C A)
245 _aEncyclopedia of chemical reactions Vol IV
260 _aNew York
_bReinhold Publishing Corporation
_c1951
300 _aix,790
440 _a4
650 _areactions
650 _aof
650 _aEncyclopedia
650 _achemical
690 _aChemistry
906 _a010032
999 _c116207
_d116207